QUEST Central Library Banner

Image Classification Using Deep Learning. (Record no. 58214)

MARC details
000 -LEADER
fixed length control field 00523nam a2200181Ia 4500
082 ## - DEWEY DECIMAL CLASSIFICATION NUMBER
Classification number R/2CS14
100 ## - MAIN ENTRY--AUTHOR NAME
Personal name Aaqib
100 ## - MAIN ENTRY--AUTHOR NAME
Personal name Roll No. 14CS11
100 ## - MAIN ENTRY--AUTHOR NAME
Personal name Supervisor - Engr. Fayyaz Ahmed Memon
245 #0 - TITLE STATEMENT
Title Image Classification Using Deep Learning.
260 ## - PUBLICATION, DISTRIBUTION, ETC. (IMPRINT)
Place of publication Nawabshah
Name of publisher QUEST
Year of publication 2018
300 ## - PHYSICAL DESCRIPTION
Number of Pages 70p
700 ## - ADDED ENTRY--PERSONAL NAME
Personal name Saira Abbasi (Roll No. 14CS17)
700 ## - ADDED ENTRY--PERSONAL NAME
Personal name Vajeeha Mir (Roll No. 14CS41)
700 ## - ADDED ENTRY--PERSONAL NAME
Personal name Nabeel Ahmed Arain (Roll No. 14CS47)
700 ## - ADDED ENTRY--PERSONAL NAME
Personal name Jameel Ahmed (Roll No. 14CS23)
942 ## - ADDED ENTRY ELEMENTS (KOHA)
Koha item type Thesis and Dissertation
Holdings
Withdrawn status Lost status Home library Current library Date acquired Full call number Accession Number Koha item type
    Research Section Research Section 16/04/2018 R/2CS14 14CS-T156 Thesis and Dissertation

Copyright © 2018,The QUEST, Nawabshah, Shaheed Benazirabad. All rights reserved
Mr. G. Farooq Channar (Librarian) QUEST, Nawabshah, Sindh, Pakistan 67480.
 Ph#: |   0244-9370381-4 Ext. 2308   Email| lib@quest.edu.pk   Web|  http://www.quest.edu.pk